<?xml version="1.0" encoding="UTF-8"?>
<record
    xmlns:xsi="http://www.w3.org/2001/XMLSchema-instance"
    xsi:schemaLocation="http://www.loc.gov/MARC21/slim http://www.loc.gov/standards/marcxml/schema/MARC21slim.xsd"
    xmlns="http://www.loc.gov/MARC21/slim">

  <leader>01791nam a2200205 a 4500</leader>
  <controlfield tag="008">161215t2000    ag  |||g |||| 001 f spa d</controlfield>
  <datafield tag="020" ind1=" " ind2=" ">
    <subfield code="a">9789500717700</subfield>
  </datafield>
  <datafield tag="041" ind1=" " ind2=" ">
    <subfield code="a">spa</subfield>
  </datafield>
  <datafield tag="092" ind1=" " ind2=" ">
    <subfield code="c">808</subfield>
    <subfield code="l">12</subfield>
    <subfield code="s">CLA</subfield>
  </datafield>
  <datafield tag="100" ind1="1" ind2=" ">
    <subfield code="a">Clancy, Tom.</subfield>
    <subfield code="9">4339</subfield>
  </datafield>
  <datafield tag="245" ind1=" " ind2=" ">
    <subfield code="a">Estado de sitio.</subfield>
    <subfield code="b">(Op-Center VI) /</subfield>
    <subfield code="c">Tom Clancy</subfield>
  </datafield>
  <datafield tag="250" ind1=" " ind2=" ">
    <subfield code="a">1a ed.</subfield>
    <subfield code="b">Traducci&#xF3;n Laura Wittner</subfield>
  </datafield>
  <datafield tag="260" ind1=" " ind2=" ">
    <subfield code="a">Buenos Aires:</subfield>
    <subfield code="b">Sudamericana;</subfield>
    <subfield code="c">2000.</subfield>
  </datafield>
  <datafield tag="300" ind1=" " ind2=" ">
    <subfield code="a">261 p.</subfield>
  </datafield>
  <datafield tag="500" ind1=" " ind2=" ">
    <subfield code="a">Clancy, T. (2000). Estado de sitio. (1a ed.). Buenos Aires : Sudamericana.</subfield>
  </datafield>
  <datafield tag="505" ind1=" " ind2=" ">
    <subfield code="a">Tentados por la ambici&#xF3;n, un grupo de terroristas vinculados a ex miembros de las fuerzas de paz de la ONU se involucran en actividades delictivas. Provistos de armas y municiones robadas a la propia ONU perge&#xF1;an un plan espeluznante para captar la atenci&#xF3;n del director de Op-Center, se prepara para disfrutar -tras una larga y ajetreada vida profesional- de su merecida jubilaci&#xF3;n. Pero su retiro ser&#xE1; breve. El grupo terrorista toma por asalto la sede la ONU cuando los embajadores de diez pa&#xED;ses diferentes se hallan reunidos all&#xED; para disfrutar de una funci&#xF3;n de gala, y piden cien millones de d&#xF3;lares de rescate. Sin ning&#xFA;n duda, la situaci&#xF3;n es grave. Pero es m&#xE1;s grave a&#xFA;n para Paul Hood, cuya hija violinista se aprestaba a tocar en esa misma funci&#xF3;n. El problema se transforma en un asunto personal: las fuerzas de Op-Center deber&#xE1;n ser tan implacables como siempre pero, a la vez, m&#xE1;s cautelosos que nunca. Estado de sitio confirma que la saga de Op-Center- el centro de operaciones norteamericano que re&#xFA;ne lo mejor en materia de defensa, inteligencia y manejo de situaciones cr&#xED;ticas- logra hacer vibrar a sus lectores un poco m&#xE1;s con cada entrega. </subfield>
  </datafield>
  <datafield tag="655" ind1=" " ind2=" ">
    <subfield code="a">Novela</subfield>
    <subfield code="9">3091</subfield>
  </datafield>
  <datafield tag="700" ind1="1" ind2=" ">
    <subfield code="a">Pieczenik, Steve.</subfield>
    <subfield code="9">4340</subfield>
  </datafield>
  <datafield tag="942" ind1=" " ind2=" ">
    <subfield code="2">ddc</subfield>
    <subfield code="c">LIT</subfield>
  </datafield>
  <datafield tag="999" ind1=" " ind2=" ">
    <subfield code="c">3291</subfield>
    <subfield code="d">3291</subfield>
  </datafield>
  <datafield tag="952" ind1=" " ind2=" ">
    <subfield code="0">0</subfield>
    <subfield code="1">0</subfield>
    <subfield code="2">ddc</subfield>
    <subfield code="4">0</subfield>
    <subfield code="7">0</subfield>
    <subfield code="a">BFM</subfield>
    <subfield code="b">BFM</subfield>
    <subfield code="c">CR</subfield>
    <subfield code="d">2025-07-25</subfield>
    <subfield code="e">Donaci&#xF3;n Navarro, Adriana. Julio 2025</subfield>
    <subfield code="l">0</subfield>
    <subfield code="o">808 12 CLA</subfield>
    <subfield code="p">5066</subfield>
    <subfield code="r">2025-07-25</subfield>
    <subfield code="t">Ej. 1</subfield>
    <subfield code="w">2025-07-25</subfield>
    <subfield code="y">LIT</subfield>
    <subfield code="z">Donaci&#xF3;n Navarro, Adriana. Julio 2025. Sede Tordos.</subfield>
    <subfield code="f"></subfield>
  </datafield>
</record>
